Chemoprevention of cancer and DNA damage by dietary factors
Enregistré dans:
| Format: | Livre |
|---|---|
| Langue: | anglais |
| Publié: |
Weinheim
Wiley-VCH Verlag
2009
|
| Sujets: | |
| Accès en ligne: | Voir à l'OPAC |
| Tags: |
Pas de tags, Soyez le premier à ajouter un tag!
|
MARC
| LEADER | 00000nam a2200000 a 4500 | ||
|---|---|---|---|
| 005 | 20260127134127.0 | ||
| 008 | 100323 2009 gw 000 0 eng d | ||
| 020 | |a 9783527320585 | ||
| 035 | |a vtls010078790 | ||
| 039 | 9 | |y 201003231432 |z mschk03 | |
| 040 | |a STUSCHK1 |b slo |c STUSCHK1 |e AACR2 | ||
| 080 | |a 614.599 | ||
| 080 | |a 610 | ||
| 245 | 1 | |a Chemoprevention of cancer and DNA damage by dietary factors |c ed. by Siegfried Knasmüller ... | |
| 260 | |a Weinheim |b Wiley-VCH Verlag |c 2009 | ||
| 300 | |a Xlviii, 787 s. |b ill. |c 24,5 cm | ||
| 650 | 0 | |a Krebs Medizin | |
| 650 | 0 | |a Pprävention | |
| 650 | 0 | |a Ernährung | |
| 650 | 0 | |a Psychologische chemie | |
| 910 | |a SCHK95 | ||
| 999 | |c 4709 |d 4709 | ||